000
00305nam a2200133Ia 4500
003
OSt
005
20240208151917.0
008
170524s9999 xx 000 0 und d
020
_a
9788191064292
040
_c
IIMT UNIVERSITY MEERUT
100
_a
Gupta-S.L
245
0
_a
Services Marketing
942
_2
ddc
_c
02
999
_c
4294
_d
4294